IFM Opac

Reseach Methods for Community Change: A Project-Based Approach (Record no. 21846)

MARC details
000 -LEADER
fixed length control field 00508nam a22001937a 4500
003 - CONTROL NUMBER IDENTIFIER
control field OSt
005 - DATE AND TIME OF LATEST TRANSACTION
control field 20230814134047.0
008 - FIXED-LENGTH DATA ELEMENTS--GENERAL INFORMATION
fixed length control field 230814b |||||||| |||| 00| 0 eng d
020 ## - INTERNATIONAL STANDARD BOOK NUMBER
International Standard Book Number 9781412994057
040 ## - CATALOGING SOURCE
Transcribing agency Ifm library
082 ## - DEWEY DECIMAL CLASSIFICATION NUMBER
Classification number 307.14072
100 ## - MAIN ENTRY--PERSONAL NAME
Personal name Stoecker, Randy
245 ## - TITLE STATEMENT
Title Reseach Methods for Community Change: A Project-Based Approach
250 ## - EDITION STATEMENT
Edition statement 2nd ed.
260 ## - PUBLICATION, DISTRIBUTION, ETC.
Place of publication, distribution, etc. London:
Name of publisher, distributor, etc. Sage,
Date of publication, distribution, etc. 2013.
300 ## - PHYSICAL DESCRIPTION
Extent xvii, 269p.:
Other physical details ill.;23cm
500 ## - GENERAL NOTE
General note Include Index
942 ## - ADDED ENTRY ELEMENTS (KOHA)
Source of classification or shelving scheme Dewey Decimal Classification
Koha item type Books
Suppress in OPAC No
Holdings
Withdrawn status Lost status Source of classification or shelving scheme Damaged status Not for loan Collection code Home library Current library Shelving location Date acquired Source of acquisition Total Checkouts Full call number Barcode Date last seen Price effective from Koha item type
    Dewey Decimal Classification     Non-fiction IFM Main Campus Library IFM Main Campus Library General Collection 08/14/2023 Purchase   307.14072 STO 0000024361 08/14/2023 08/14/2023 Books
    Dewey Decimal Classification     Non-fiction IFM Main Campus Library IFM Main Campus Library General Collection 08/14/2023 Purchase   307.14072 STO 0000024357 08/14/2023 08/14/2023 Books
    Dewey Decimal Classification     Non-fiction IFM Mwanza Campus IFM Mwanza Campus Mwanza Teaching Center 08/14/2023 Purchase   307.14072 STO 0000024352 08/16/2023 08/14/2023 Books
    Dewey Decimal Classification     Non-fiction IFM Mwanza Campus IFM Mwanza Campus Mwanza Teaching Center 08/14/2023 Purchase   307.14072 STO 0000024350 08/16/2023 08/14/2023 Books